000 00435nam a2200145Ia 4500
003 OSt
005 20260130150910.0
008 211028s2018 xx 000 0 und d
040 _cAIMIT LIBRARY
041 _aeng
100 _aShet, Trupti B; Harinakshi.
_g1616208
_97960
245 _aStudy on the effectiveness of recruitment and selection process at grand Hyatt Goa /
260 _aMangalore
_bHarinakshi.
_c2018
942 _2ddc
_cPRO
999 _c219528
_d219528